00000000nam##2200000za#4500
0019.675927
003CaOODSP
00520210624225516
007cr |||||||||||
008150407|1999||||xxc|||||o    f|0| 0 eng|d
040 |aCaOODSP|beng
041 |aeng
041 |afre
043 |an-cn---
0861 |aCS95-193/1999-PDF
24500|aProfile of census divisions and subdivisions in the Northwest Territories |h[electronic resource]
260 |aOttawa - Ontario : |bStatistics Canada |c1999.
300 |a176p.|btables
500 |aHistorical census publication digitized by Statistics Canada.
590 |a13-12-Supp|b2013-05-10
69007|aCensus|2gcpds
7102 |aStatistics Canada.
792 |tProfil des divisions et subdivisions de recensement des Territoires du Nord-Ouest |efre|w(CaOODSP)9.675928
85640|ahttp://publications.gc.ca|qPDF|s8.5 MB|uhttps://publications.gc.ca/collections/collection_2012/statcan/rh-hc/CS95-193-1999.pdf